[Event "Detroit op"]
[Site "Detroit"]
[Date "2002.05.25"]
[Round "3"]
[White "Sherrell, Andre"]
[Black "Pelt, Joshua"]
[Result "0-1"]
[WhiteElo "468"]
[BlackElo "627"]
[PlyCount "23"]
[EventDate "2002.05.25"]
[EventType "swiss"]
[EventRounds "5"]
[EventCountry "USA"]
[SourceTitle "EXT 2007"]
[Source "ChessBase"]
[SourceDate "2006.11.23"]
[SourceVersion "1"]
[SourceVersionDate "2006.11.23"]
[SourceQuality "1"]

1. g3 e5 2. Nf3 Nc6 3. Bg2 d5 4. 0-0 Bg4 5. Ne1 Nf6 6. Nd3 Bb4 7. Re1 0-0 8. Bf1 e4 9. Nf4 Bd6 10. Bh3 Bxf4 11. Bxg4 Nxg4 12. Rf1 0-1